General Knowledge #10 - Statistics

General Stats
  • This quiz has been taken 60 times
  • The average score is 10 of 15
Answer Stats
Question Answer % Correct
The Olympics are held every how many years? 4
100%
What is the name of Mickey Mouse’s dog? Pluto
84%
In which year did the titanic sink? 1912
80%
Name the longest river in South America Amazon River
78%
What is the largest bone in the human body? Femur
78%
What is the only flying mammal? Bat
73%
What do you call a group of fish? A School
71%
What part of the atom has no electrical charge? Neutron
69%
Who is known as “the father of modern physics”? Albert Einstein
65%
What is the only planet that rotates on its side? Uranus
61%
What is the longest mountain range in the world? The Andes
59%
What is the study of plants? Botany
57%
What do bees collect to make honey? Nectar
53%
What is the type of relationship in the animal kingdom in which both parties benefit? Symbiotic
35%
What is the rarest blood type among humans? AB negative
31%
No matching quizzes found
Score Distribution
Percent of People with Each Score
Percentile by Number Answered
Your Score History
You have not taken this quiz